| 000 | 00451nam a22001457a 4500 | ||
|---|---|---|---|
| 999 |
_c12094 _d12094 |
||
| 008 | 210119b ||||| |||| 00| 0 eng d | ||
| 082 | 0 | 0 |
_223rd ed. _a823 _bC7541 |
| 100 |
_94320 _aConrad, Joseph |
||
| 245 | 1 | 0 |
_aThe nigger of the "Narcissus",a tale of the sea / _cby Joseph Conrad |
| 250 | _a22nd rep ed. | ||
| 260 |
_aMelboure: _bWilliam Heinemann, _c1948. |
||
| 300 | _a259 p. | ||
| 650 | 0 | _aEnglish fiction | |
| 942 | _cBK | ||